Purandara darśana. (Record no. 60020)

MARC details
000 -LEADER
fixed length control field 00516cam a22002171 4500
001 - CONTROL NUMBER
control field sa 64007030
003 - CONTROL NUMBER IDENTIFIER
control field DLC
005 - DATE AND TIME OF LATEST TRANSACTION
control field 20260227112043.0
008 - FIXED-LENGTH DATA ELEMENTS--GENERAL INFORMATION
fixed length control field 890602s1963 ii 000 0 kano
010 ## - LIBRARY OF CONGRESS CONTROL NUMBER
LC control number sa 64007030
035 ## - SYSTEM CONTROL NUMBER
System control number (OCoLC)19806743
040 ## - CATALOGING SOURCE
Original cataloging agency DLC
Transcribing agency WaU
Modifying agency DLC
042 ## - AUTHENTICATION CODE
Authentication code premarc
050 00 - LIBRARY OF CONGRESS CALL NUMBER
Classification number ML410.S8
Item number A3
100 1# - MAIN ENTRY--PERSONAL NAME
Personal name Shenai, V. A.
245 10 - TITLE STATEMENT
Title Purandara darśana.
260 ## - PUBLICATION, DISTRIBUTION, ETC.
Date of publication, distribution, etc. 1963.
300 ## - PHYSICAL DESCRIPTION
Extent x, 248 p.
Dimensions 19 cm.
500 ## - GENERAL NOTE
General note In Kannada.
600 00 - SUBJECT ADDED ENTRY--PERSONAL NAME
Personal name Purandaradāsa,
Dates associated with a name 1484-1564.

No items available.

Powered by Koha